| Поле | Название | Значение |
| |
Тип записи |
a |
| |
Библиографический уровень |
m |
| 001 |
Контрольный номер |
RU\bookru\bibl\921481 |
| 003 |
Постоянный идентификатор записи |
http://www.book.ru/book/921481 |
| 005 |
Дата корректировки |
20161026112538.6 |
| 010 |
Индекс ISBN |
__ |
| a |
ISBN |
978-5-406-03709-6 |
| 100 |
Данные общей обработки |
0_ |
| a |
Данные общей обработки |
20160914d2017 mk y0rusy50 ca |
| 101 |
Язык документа |
0_ |
| a |
Язык текста |
Русский |
| 102 |
Страна публикации |
__ |
| a |
Страна публикации |
RU |
| 105 |
Кодированные данные (монография) |
__ |
| a |
Кодированные данные (монография) |
y ||||000yy |
| 200 |
Заглавие и сведения об ответственности |
1_ |
| a |
Заглавие |
Экономические игры с природой. Практикум с решениями задач (для бакалавров и магистров) |
| 210 |
Выходные данные |
__ |
| a |
Место издания |
Москва |
| c |
Издательство |
КноРус |
| d |
Дата издания |
2017 |
| 215 |
Физическое описание |
__ |
| a |
Объем |
506 |
| 330 |
Аннотация |
__ |
| a |
Аннотация |
Представляет собой практикум с решениями задач. Материал пособия, состоящего из двух разделов, относится к классу игр с природой. В каждом параграфе первого раздела приведены необходимые для решения задач теоретические основы и условия самих задач. Во втором разделе дается подробное решение каждой задачи из первого раздела. Задачи, приведенные в пособии, также делятся на два типа. К первому типу относятся задачи, содержание которых направлено на теорию игр как на объект математического исследования. Ко второму — задачи собственно финансово-экономического содержания, направленные на теорию игр как на инструмент их решения. Соответствует ФГОС ВО 3+. Для студентов бакалавриата, обучающихся по направлениям «Экономика» и «Прикладная математика и информатика». Может быть полезно студентам специалитета и магистратуры, а также аспирантам и преподавателям вузов, ведущим соответствующие курсы. |
| 606 |
Тематические рубрики |
__ |
| a |
Основная рубрика |
Математика |
| 2 |
Код системы |
local |
| 608 |
Указатель предметных рубрик |
__ |
| a |
Жанр/форма |
Учебное пособие |
| 2 |
Код системы |
local |
| 675 |
Индекс УДК |
__ |
| a |
Индекс УДК |
330(075.8) |
| z |
Язык издания |
rus |
| 686 |
Индексы других классификаций |
__ |
| a |
Классификационный индекс |
65.01я73 |
| 2 |
Код системы |
rubbk |
| 700 |
Автор |
_1 |
| a |
Фамилия |
Ященко Н.А., Лабскер Л.Г. |
| 801 |
Источник записи |
_1 |
| a |
Страна |
RU |
| b |
Организация |
book_ru |
| c |
Дата составления |
20160914 |
| g |
Правила каталогизации |
RCR |
| 856 |
Электронный адрес документа |
4_ |
| u |
Универсальный указатель ресурса (URL) |
http://www.book.ru/book/921481 |
| 951 |
|
__ |
| a |
|
http://www.book.ru/book/921481 |